<?xml version="1.0" encoding="UTF-8"?>
<marc:record xmlns:marc="http://www.loc.gov/MARC21/slim">
   <marc:leader>00000nam a2200000 a 4500</marc:leader>
   <marc:datafield ind1="1" ind2=" " tag="100">
      <marc:subfield code="a">Galbraith, Robert</marc:subfield>
      <marc:subfield code="4">aut</marc:subfield>
      <marc:subfield code="e">Verfasser/-in</marc:subfield>
   </marc:datafield>
   <marc:datafield ind1=" " ind2=" " tag="653">
      <marc:subfield code="a">Krimi</marc:subfield>
   </marc:datafield>
   <marc:datafield ind1="0" ind2="0" tag="245">
      <marc:subfield code="a">Weisser Tod</marc:subfield>
   </marc:datafield>
   <marc:datafield ind1="0" ind2="0" tag="245">
      <marc:subfield code="b">ein Fall für Cormoran Strike</marc:subfield>
   </marc:datafield>
   <marc:datafield ind1="0" ind2="0" tag="245">
      <marc:subfield code="c">Galbraith, Robert</marc:subfield>
   </marc:datafield>
   <marc:datafield ind1=" " ind2="1" tag="264">
      <marc:subfield code="a">München</marc:subfield>
      <marc:subfield code="b">Random House Audio</marc:subfield>
      <marc:subfield code="c">2018</marc:subfield>
   </marc:datafield>
   <marc:datafield ind1="1" ind2=" " tag="520">
      <marc:subfield code="a">Der private Ermittler Cormoran Strike ist zutiefst beunruhigt. Ein verstörter junger Mann bittet ihn um Hilfe bei dr Aufklärung eines Verbrechens, das er - so glaubt er - als Kind mitangesehen hat. Bevor Strike ihn allerdings ausführlich befragen kann, ergreift der Mann panisch die Flucht. Um Billys Geschichte auf den Grund zu gehen, folgen Strike und Robin einer verschlungenen Spur, die sie durch die zwielichtigen Ecken Londons zu einem geheimen exklusiven Zirkel innerhalb des Parlaments und einem prachtvollen, doch düsteren Herrenhaus auf dem Land führt ... (Verlagstext)</marc:subfield>
   </marc:datafield>
   <marc:datafield ind1=" " ind2=" " tag="020">
      <marc:subfield code="a">9783837145069</marc:subfield>
      <marc:subfield code="9">9783837145069</marc:subfield>
   </marc:datafield>
   <marc:datafield ind1=" " ind2=" " tag="020">
      <marc:subfield code="a">3837145069</marc:subfield>
      <marc:subfield code="9">3837145069</marc:subfield>
   </marc:datafield>
   <marc:datafield ind1=" " ind2=" " tag="300">
      <marc:subfield code="a">3 mp3-CDs (ca. 21 h  35 min) ; ungekürzte Lesung</marc:subfield>
   </marc:datafield>
</marc:record>
